000 00826nam a2200205 i 4500
001 23953
003 ES-MaACL
005 20251009195157.0
007 t|
008 021213s1930 cu ||||1| spa d
100 1 _aAndrade, Roberto.
_921521
245 1 0 _aAntonio José de Sucre /
_cdiscurso leído por el académico correspondiente, Sr. Roberto Andrade, en la sesión celebrada el 4 de junio de 1930 en conmemoración del centenario de la muerte del gran mariscal de Ayacucho.
260 _aLa Habana :
_b[s.n.],
_c1930 (
_fImp. Siglo XX)
300 _a40 p. :
_b1 retr. ;
_c28.
500 _aPrecede al tít.: Academia de la Historia de Cuba.
600 1 7 _aSucre, Antonio José de,
_d1795-1830
_2
_9159067
710 2 _aAcademia de la Historia de Cuba.
_91183
852 _aES-MaACL
_j1746-F-6
999 _c23953
_d23953